<?xml version="1.0" encoding="UTF-8"?>
<record
    xmlns:xsi="http://www.w3.org/2001/XMLSchema-instance"
    xsi:schemaLocation="http://www.loc.gov/MARC21/slim http://www.loc.gov/standards/marcxml/schema/MARC21slim.xsd"
    xmlns="http://www.loc.gov/MARC21/slim">

  <leader>00656nam a2200217   4500</leader>
  <controlfield tag="005">20260318163935.0</controlfield>
  <controlfield tag="008">260313b        |||||||| |||| 00| 0 eng d</controlfield>
  <datafield tag="020" ind1=" " ind2=" ">
    <subfield code="a">978-93-5696-121-0</subfield>
  </datafield>
  <datafield tag="041" ind1=" " ind2=" ">
    <subfield code="a">English</subfield>
  </datafield>
  <datafield tag="082" ind1=" " ind2=" ">
    <subfield code="2">1st ed 2023 /RP 2025</subfield>
    <subfield code="a">C 004 SRE B12692</subfield>
  </datafield>
  <datafield tag="100" ind1=" " ind2=" ">
    <subfield code="a">Sreevani, R.</subfield>
    <subfield code="9">217208</subfield>
  </datafield>
  <datafield tag="245" ind1=" " ind2=" ">
    <subfield code="a">Health / Nursing Informatics and Technology (Computer for Nurses)</subfield>
  </datafield>
  <datafield tag="250" ind1=" " ind2=" ">
    <subfield code="a">1st</subfield>
  </datafield>
  <datafield tag="260" ind1=" " ind2=" ">
    <subfield code="a">New Delhi</subfield>
    <subfield code="b">Jaypee Brothers</subfield>
    <subfield code="c">2025</subfield>
  </datafield>
  <datafield tag="300" ind1=" " ind2=" ">
    <subfield code="a">xxvi; 236p</subfield>
    <subfield code="b">Pb</subfield>
  </datafield>
  <datafield tag="365" ind1=" " ind2=" ">
    <subfield code="a">Rupaye</subfield>
    <subfield code="b">550</subfield>
    <subfield code="c">INR</subfield>
  </datafield>
  <datafield tag="500" ind1=" " ind2=" ">
    <subfield code="a">Information Technology</subfield>
  </datafield>
  <datafield tag="650" ind1=" " ind2=" ">
    <subfield code="a">Information Technology</subfield>
    <subfield code="9">217209</subfield>
  </datafield>
  <datafield tag="651" ind1=" " ind2=" ">
    <subfield code="a">Information Technology</subfield>
    <subfield code="9">217210</subfield>
  </datafield>
  <datafield tag="942" ind1=" " ind2=" ">
    <subfield code="c">BK</subfield>
  </datafield>
  <datafield tag="999" ind1=" " ind2=" ">
    <subfield code="c">370735</subfield>
    <subfield code="d">370735</subfield>
  </datafield>
  <datafield tag="952" ind1=" " ind2=" ">
    <subfield code="0">0</subfield>
    <subfield code="1">0</subfield>
    <subfield code="2">ddc</subfield>
    <subfield code="4">0</subfield>
    <subfield code="7">3</subfield>
    <subfield code="a">BTIN</subfield>
    <subfield code="b">BTIN</subfield>
    <subfield code="d">2026-03-12</subfield>
    <subfield code="e">Jaypee Brothers Medical Publishers</subfield>
    <subfield code="g">352.00</subfield>
    <subfield code="i">MU/INV-I/25-00099</subfield>
    <subfield code="l">0</subfield>
    <subfield code="o">C 004 SRE B12692</subfield>
    <subfield code="p">BTIN-BK-12692</subfield>
    <subfield code="r">2026-03-13 14:48:00</subfield>
    <subfield code="t">36%</subfield>
    <subfield code="v">550.00</subfield>
    <subfield code="w">2026-03-07</subfield>
    <subfield code="y">BK</subfield>
    <subfield code="z">BTIN-BK-12692</subfield>
  </datafield>
  <datafield tag="952" ind1=" " ind2=" ">
    <subfield code="0">0</subfield>
    <subfield code="1">0</subfield>
    <subfield code="2">ddc</subfield>
    <subfield code="4">0</subfield>
    <subfield code="7">0</subfield>
    <subfield code="a">BTIN</subfield>
    <subfield code="b">BTIN</subfield>
    <subfield code="d">2026-03-12</subfield>
    <subfield code="e">Jaypee Brothers Medical Publishers</subfield>
    <subfield code="g">352.00</subfield>
    <subfield code="i">MU/INV-I/25-00099</subfield>
    <subfield code="l">0</subfield>
    <subfield code="o">C 004 SRE B12693</subfield>
    <subfield code="p">BTIN-BK-12693</subfield>
    <subfield code="r">2026-03-13 14:48:00</subfield>
    <subfield code="t">36%</subfield>
    <subfield code="v">550.00</subfield>
    <subfield code="w">2026-03-07</subfield>
    <subfield code="y">BK</subfield>
    <subfield code="z">BTIN-BK-12693</subfield>
  </datafield>
  <datafield tag="952" ind1=" " ind2=" ">
    <subfield code="0">0</subfield>
    <subfield code="1">0</subfield>
    <subfield code="2">ddc</subfield>
    <subfield code="4">0</subfield>
    <subfield code="7">0</subfield>
    <subfield code="a">BTIN</subfield>
    <subfield code="b">BTIN</subfield>
    <subfield code="d">2026-03-12</subfield>
    <subfield code="e">Jaypee Brothers Medical Publishers</subfield>
    <subfield code="g">352.00</subfield>
    <subfield code="i">MU/INV-I/25-00099</subfield>
    <subfield code="l">0</subfield>
    <subfield code="o">C 004 SRE B12694</subfield>
    <subfield code="p">BTIN-BK-12694</subfield>
    <subfield code="r">2026-03-13 14:48:00</subfield>
    <subfield code="t">36%</subfield>
    <subfield code="v">550.00</subfield>
    <subfield code="w">2026-03-07</subfield>
    <subfield code="y">BK</subfield>
    <subfield code="z">BTIN-BK-12694</subfield>
  </datafield>
  <datafield tag="952" ind1=" " ind2=" ">
    <subfield code="0">0</subfield>
    <subfield code="1">0</subfield>
    <subfield code="2">ddc</subfield>
    <subfield code="4">0</subfield>
    <subfield code="7">0</subfield>
    <subfield code="a">BTIN</subfield>
    <subfield code="b">BTIN</subfield>
    <subfield code="d">2026-03-12</subfield>
    <subfield code="e">Jaypee Brothers Medical Publishers</subfield>
    <subfield code="g">352.00</subfield>
    <subfield code="i">MU/INV-I/25-00099</subfield>
    <subfield code="l">0</subfield>
    <subfield code="o">C 004 SRE B12695</subfield>
    <subfield code="p">BTIN-BK-12695</subfield>
    <subfield code="r">2026-03-13 14:48:00</subfield>
    <subfield code="t">36%</subfield>
    <subfield code="v">550.00</subfield>
    <subfield code="w">2026-03-07</subfield>
    <subfield code="y">BK</subfield>
    <subfield code="z">BTIN-BK-12695</subfield>
  </datafield>
  <datafield tag="952" ind1=" " ind2=" ">
    <subfield code="0">0</subfield>
    <subfield code="1">0</subfield>
    <subfield code="2">ddc</subfield>
    <subfield code="4">0</subfield>
    <subfield code="7">0</subfield>
    <subfield code="a">BTIN</subfield>
    <subfield code="b">BTIN</subfield>
    <subfield code="d">2026-03-12</subfield>
    <subfield code="e">Jaypee Brothers Medical Publishers</subfield>
    <subfield code="g">352.00</subfield>
    <subfield code="i">MU/INV-I/25-00099</subfield>
    <subfield code="l">0</subfield>
    <subfield code="o">C 004 SRE B12696</subfield>
    <subfield code="p">BTIN-BK-12696</subfield>
    <subfield code="r">2026-03-13 14:48:00</subfield>
    <subfield code="t">36%</subfield>
    <subfield code="v">550.00</subfield>
    <subfield code="w">2026-03-07</subfield>
    <subfield code="y">BK</subfield>
    <subfield code="z">BTIN-BK-12696</subfield>
  </datafield>
  <datafield tag="952" ind1=" " ind2=" ">
    <subfield code="0">0</subfield>
    <subfield code="1">0</subfield>
    <subfield code="2">ddc</subfield>
    <subfield code="4">0</subfield>
    <subfield code="7">0</subfield>
    <subfield code="a">BTIN</subfield>
    <subfield code="b">BTIN</subfield>
    <subfield code="d">2026-03-12</subfield>
    <subfield code="e">Jaypee Brothers Medical Publishers</subfield>
    <subfield code="g">352.00</subfield>
    <subfield code="i">MU/INV-I/25-00099</subfield>
    <subfield code="l">0</subfield>
    <subfield code="o">C 004 SRE B12697</subfield>
    <subfield code="p">BTIN-BK-12697</subfield>
    <subfield code="r">2026-03-13 14:48:00</subfield>
    <subfield code="t">36%</subfield>
    <subfield code="v">550.00</subfield>
    <subfield code="w">2026-03-07</subfield>
    <subfield code="y">BK</subfield>
    <subfield code="z">BTIN-BK-12697</subfield>
  </datafield>
  <datafield tag="952" ind1=" " ind2=" ">
    <subfield code="0">0</subfield>
    <subfield code="1">0</subfield>
    <subfield code="2">ddc</subfield>
    <subfield code="4">0</subfield>
    <subfield code="7">0</subfield>
    <subfield code="a">BTIN</subfield>
    <subfield code="b">BTIN</subfield>
    <subfield code="d">2026-03-12</subfield>
    <subfield code="e">Jaypee Brothers Medical Publishers</subfield>
    <subfield code="g">352.00</subfield>
    <subfield code="i">MU/INV-I/25-00099</subfield>
    <subfield code="l">0</subfield>
    <subfield code="o">C 004 SRE B12698</subfield>
    <subfield code="p">BTIN-BK-12698</subfield>
    <subfield code="r">2026-03-13 14:48:00</subfield>
    <subfield code="t">36%</subfield>
    <subfield code="v">550.00</subfield>
    <subfield code="w">2026-03-07</subfield>
    <subfield code="y">BK</subfield>
    <subfield code="z">BTIN-BK-12698</subfield>
  </datafield>
  <datafield tag="952" ind1=" " ind2=" ">
    <subfield code="0">0</subfield>
    <subfield code="1">0</subfield>
    <subfield code="2">ddc</subfield>
    <subfield code="4">0</subfield>
    <subfield code="7">0</subfield>
    <subfield code="a">BTIN</subfield>
    <subfield code="b">BTIN</subfield>
    <subfield code="d">2026-03-12</subfield>
    <subfield code="e">Jaypee Brothers Medical Publishers</subfield>
    <subfield code="g">352.00</subfield>
    <subfield code="i">MU/INV-I/25-00099</subfield>
    <subfield code="l">0</subfield>
    <subfield code="o">C 004 SRE B12699</subfield>
    <subfield code="p">BTIN-BK-12699</subfield>
    <subfield code="r">2026-03-13 14:48:00</subfield>
    <subfield code="t">36%</subfield>
    <subfield code="v">550.00</subfield>
    <subfield code="w">2026-03-07</subfield>
    <subfield code="y">BK</subfield>
    <subfield code="z">BTIN-BK-12699</subfield>
  </datafield>
  <datafield tag="952" ind1=" " ind2=" ">
    <subfield code="0">0</subfield>
    <subfield code="1">0</subfield>
    <subfield code="2">ddc</subfield>
    <subfield code="4">0</subfield>
    <subfield code="7">0</subfield>
    <subfield code="a">BTIN</subfield>
    <subfield code="b">BTIN</subfield>
    <subfield code="d">2026-03-12</subfield>
    <subfield code="e">Jaypee Brothers Medical Publishers</subfield>
    <subfield code="g">352.00</subfield>
    <subfield code="i">MU/INV-I/25-00099</subfield>
    <subfield code="l">0</subfield>
    <subfield code="o">C 004 SRE B12700</subfield>
    <subfield code="p">BTIN-BK-12700</subfield>
    <subfield code="r">2026-03-13 14:48:00</subfield>
    <subfield code="t">36%</subfield>
    <subfield code="v">550.00</subfield>
    <subfield code="w">2026-03-07</subfield>
    <subfield code="y">BK</subfield>
    <subfield code="z">BTIN-BK-12700</subfield>
  </datafield>
  <datafield tag="952" ind1=" " ind2=" ">
    <subfield code="0">0</subfield>
    <subfield code="1">0</subfield>
    <subfield code="2">ddc</subfield>
    <subfield code="4">0</subfield>
    <subfield code="7">0</subfield>
    <subfield code="a">BTIN</subfield>
    <subfield code="b">BTIN</subfield>
    <subfield code="d">2026-03-12</subfield>
    <subfield code="e">Jaypee Brothers Medical Publishers</subfield>
    <subfield code="g">352.00</subfield>
    <subfield code="i">MU/INV-I/25-00099</subfield>
    <subfield code="l">0</subfield>
    <subfield code="o">C 004 SRE B12701</subfield>
    <subfield code="p">BTIN-BK-12701</subfield>
    <subfield code="r">2026-05-11 09:36:27</subfield>
    <subfield code="t">36%</subfield>
    <subfield code="v">550.00</subfield>
    <subfield code="w">2026-03-07</subfield>
    <subfield code="y">BK</subfield>
    <subfield code="z">BTIN-BK-12701</subfield>
  </datafield>
</record>
